Development v cestovnom ruchu diplomová práca

Uložené v:
Podrobná bibliografia
Hlavný autor: Nacíková, Lucia
Korporativný autor: Obchodná fakulta EU. Katedra služieb a cestovného ruchu - zrušené
Ďalší autori: Benešová, Dana, 1958-
Médium: Kniha
Jazyk:Slovak
Vydavateľské údaje: Bratislava 2011
Tagy: Pridať tag
Žiadne tagy, Buďte prvý, kto otaguje tento záznam!

MARC

LEADER 00000nbm a2200000 4500
001 0140354
005 20161109101928.9
041 0 |a slo 
044 |a SK 
245 1 0 |a Development v cestovnom ruchu  |b diplomová práca  |c Lucia Nacíková ; školiteľ: Dana Benešová 
264 1 |a Bratislava  |c 2011 
300 |a 107 s. 
100 1 |a Nacíková, Lucia 
700 1 |a Benešová, Dana, 1958- 
710 2 |a Obchodná fakulta EU. Katedra služieb a cestovného ruchu - zrušené